Ensayos Críticos acerca de literatura europea

Bewaard in:
Bibliografische gegevens
Hoofdauteur: Curtius, Ernst Robert
Formaat: Boek
Taal:Undetermined
Gepubliceerd in: Madrid, España Seix Barral 1959
Onderwerpen:
Tags: Voeg label toe
Geen labels, Wees de eerste die dit record labelt!

MARC

LEADER 00000nam a2200000Ia 4500
008 170316s9999 xx 000 0 und d
090 |a 801 C-36e v.II 
100 |a Curtius, Ernst Robert 
245 |a Ensayos Críticos acerca de literatura europea 
260 |a Madrid, España 
260 |b Seix Barral 
260 |c 1959 
300 |a 379 páginas Tomo II 
650 |a TEORÍA LITERARIA 
650 |a LITERATURA EUROPEA-HISTORIA 
650 |a CRÍTICA 
650 |a ORTEGA Y GASSET 
650 |a JOYCE JAMES 
650 |a T.S. ELIOT 
999 |c 20197  |d 20197 
040 |a cru BVZT 
942 |c 15 D  |h 801 C-36e v.II  |2 z